European integration
Αποθηκεύτηκε σε:
| Κύριος συγγραφέας: | |
|---|---|
| Άλλοι συγγραφείς: | , |
| Μορφή: | Βιβλίο |
| Γλώσσα: | English |
| Δημοσίευση: |
Basingstoke [England] :
Palgrave Macmillan,
c2006
|
| Θέματα: | |
| Ετικέτες: |
Προσθήκη ετικέτας
Δεν υπάρχουν, Καταχωρήστε ετικέτα πρώτοι!
|
MARC
| LEADER | 00000nam a2200000 i 4500 | ||
|---|---|---|---|
| 001 | 1/99132 | ||
| 008 | 081211s2006 eng d | ||
| 020 | |a 978-0-333-77218-8 | ||
| 020 | |a 0-333-77218-0 | ||
| 035 | |l 10102346 | ||
| 040 | |a GR-MY-UA |b gre |e aacr | ||
| 041 | 0 | |a eng | |
| 082 | 0 | |a 337.142 |2 (22) | |
| 100 | 1 | |a Zervoyianni, Athina. | |
| 245 | 1 | 0 | |a European integration / |c Athina Zervoyianni, George Argiros and George Agiomirgianakis |
| 260 | |a Basingstoke [England] : |b Palgrave Macmillan, |c c2006 | ||
| 300 | |a viii, 431 σ.; |b διαγρ., σχ.; |c 24 εκ. | ||
| 504 | |a Περιλαμβάνει βιβλιογραφικές παραπομπές και ευρετήριο | ||
| 650 | 0 | 0 | |a Monetary unions |z European Union countries. |
| 650 | 0 | 0 | |a Monetary policy |z European Economic Community countries. |
| 700 | 1 | |a Argiros, George. | |
| 700 | 1 | |a Agiomirgianakis, George M. | |
| 852 | |a INST |b CHIOS |e 20081211 |h 337.142 ZER |p 005200030810 |q 005200030810 |t BK |y 0 | ||
| 901 | |a BIBL2-2008-3 | ||
| 909 | |a Χ |b 153745 | ||
| 922 | |a 2ΕΛΗ |b 200809 |c ΕΠΕΑΕΚ2/ΤΔΕ |d Ι. ΜΙΧΑΛΟΠΟΥΛΟΣ | ||
| 970 | |a ΒΑΣΙΛΑΚΗ |b ΝΙΚΗ |z 2008/12/11 | ||